| 000 | 00519nam a22001697a 4500 | ||
|---|---|---|---|
| 003 | PILC | ||
| 005 | 20150112093436.0 | ||
| 008 | 130223t xxu||||| |||| 00| 0 eng d | ||
| 020 | _a0131968548 | ||
| 050 |
_aHF 1009.5 _b.K26 2005 |
||
| 082 |
_aG 658.8 _bK24 2005 |
||
| 100 |
_aKeegan, Warren J. _916351 |
||
| 245 |
_aGlobal marketing / _cWarren J. Keegan and Mark C. Green. |
||
| 260 |
_aUpper Saddle River, N.J. : _b Pearson/Prentice Hall, _c2005. |
||
| 300 |
_a636 pages : _billustration ; _c28 cm. |
||
| 942 |
_2lcc _cBK |
||
| 999 |
_c14585 _d14585 |
||